Third Gender, Concubines and Slaves: (Record no. 191543)

MARC details
000 -LEADER
fixed length control field 00749nam a22002057a 4500
005 - DATE AND TIME OF LATEST TRANSACTION
control field 20220908153314.0
010 ## - LCCN (DPL NO)
LC control number B-745480
020 ## - INTERNATIONAL STANDARD BOOK NUMBER
International Standard Book Number 9789384385606
Terms of availability 250.00
037 ## - SOURCE OF ACQUISITION
Source of stock number/acquisition BooksTreasure
245 ## - TITLE STATEMENT
Title Third Gender, Concubines and Slaves:
Remainder of title A Study in Historical Persprctive through the ages /
Statement of responsibility, etc edited by S.P. Vyas and Manorama Upadhyaya
250 ## - EDITION STATEMENT
Edition statement 1st
260 ## - PUBLICATION, DISTRIBUTION, ETC. (IMPRINT)
Place of publication, distribution, etc Jodhpur
Name of publisher, distributor, etc Books Treasure
Date of publication, distribution, etc 2021
270 ## - ADDRESS
Address B/H Agra Sweet Home
City Jodhpur
Postal code 342001
Telephone number 0291-2657530
Electronic mail address demandabook@gmail.com
300 ## - PHYSICAL DESCRIPTION
Extent 152p.
Dimensions 22cm(hbk)
500 ## - GENERAL NOTE
General note Index<br/>
700 ## - ADDED ENTRY--PERSONAL NAME
Personal name Vyas, S.P.
700 ## - ADDED ENTRY--PERSONAL NAME
Personal name Upadhyaya, Manorama
942 ## - ADDED ENTRY ELEMENTS (KOHA)
Source of classification or shelving scheme Dewey Decimal Classification
Item type English Books
Call number suffix THI
Classification part 306.760954
Holdings
Withdrawn status Lost status Not for loan Collection code Home library Current library Date acquired Source of acquisition Cost, normal purchase price Full call number Barcode Copy number Cost, replacement price Koha item type Public note
      Non-fiction Central Library Central Library 08/09/2022 05.09.22/ Gift 250.00 306.760954 THI B-745480 1 250.00 English Books Gift

© Delhi Public Library
Hit Counter
free hit counter